| 000 | 00718nam a2200217 i 4500 | ||
|---|---|---|---|
| 001 | 171564 | ||
| 003 | ES-MaACL | ||
| 005 | 20250807235855.0 | ||
| 008 | 090520s1977 sp |||| | spa d | ||
| 017 | _aM 20199-1977 | ||
| 020 | _a84-220-0817-3 | ||
| 100 | 1 |
_aCaba, José. _933051 |
|
| 245 | 1 | 0 |
_aEl Jesús de los Evangelios / _cpor José Caba. |
| 260 |
_aMadrid : _bLa Editorial Católica, _c1977. |
||
| 300 |
_aXXXI, 635 p. ; _c20 cm. |
||
| 490 | 1 |
_aBiblioteca de autores cristianos ; _v392. _aHistoria Salutis |
|
| 504 | _aBibliografía : p. [XIX]-XXXI. | ||
| 830 | 0 | 0 |
_aBiblioteca de autores cristianos. _pHistoria salutis _v392. _9178685 |
| 852 |
_aES-MaACL _jJ-385 _9R.46092 |
||
| 999 |
_c171564 _d171564 |
||